000 00396nam a22001697a 4500
005 20251108172619.0
008 250721s9999 xx 000 0 eng d
082 1 4 _a530.41SRI
100 1 _aSrivastava, G.P
245 1 4 _aThe Physics of phonons /
264 1 _aNew York :
_bAdam Hilger,
300 _a412 p
650 1 7 _aPhonons
650 1 7 _aCrystals
942 _2ddc
_cBK
999 _c84018
_d84018